| 000 | 00000nam##2200000za#4500 |
| 001 | 9.641609 |
| 003 | CaOODSP |
| 005 | 20210624223312 |
| 007 | cr ||||||||||| |
| 008 | 150407|2008||||xxc|||||o f|0| 0 fre|d |
| 040 | |aCaOODSP|bfre |
| 043 | |an-cn--- |
| 086 | 1 |aH14-83/2008F-PDF |
| 110 | 1 |aCanada. |bSanté Canada. |
| 245 | 10|aExamen de l'initiative Prochaines étapes - une approche d'entreprise en matière de TI / |h[ressource électronique]|c[par] Bureau de la vérification et de la responsabilisation. |
| 260 | |aOttawa - Ontario : |bSanté Canada |cJuin 2008. |
| 300 | |a23p.|btableaux |
| 590 | |a13-10-Supp|b2013-04-13 |
| 691 | 07|aTechnologie de l'information|2gcpds |
| 775 | 08|tReview of The Way Forward Initiative - an enterprise approach to information technology / |w(CaOODSP)9.697568 |
| 856 | 40|ahttp://publications.gc.ca|qPDF|s131 Ko|uhttps://publications.gc.ca/collections/collection_2013/sc-hc/H14-83-2008-fra.pdf |